000 00332nam a22001457a 4500
008 230412b ||||| |||| 00| 0 eng d
020 _a9780840065551
041 _aeng
080 _2INSTRUCTOR EDITION
_a51
082 _a51BER
100 _a20
101 _aMATE
245 _aFINITE WHAT'S INSIDE
_cBERRESFORD
942 _2udc
_cBK
999 _c59515
_d59515